| 000 | 00650nam a2200205 u 4500 | ||
|---|---|---|---|
| 005 | 20240802063704.0 | ||
| 008 | 131031s2012 r 000 0 eng d | ||
| 020 | _a9788499804125 | ||
| 035 | _aUPN01000193824 | ||
| 049 | _aCG | ||
| 050 | 4 |
_aHM621 _bC8.4 |
|
| 245 | 0 | 0 |
_aCultura moral y educación / _ccoord. Josep M. Puig Rovira. |
| 260 |
_aBarcelona, Esp. : _bGraó, _c2012. |
||
| 300 |
_a246 p. : _bcuadros |
||
| 440 | 0 |
_aCrítica y fundamentos ; _v37. _pFundamentos de la educación |
|
| 650 | 4 |
_aCultura _xAspectos morales y éticos _922876 |
|
| 700 | 1 |
_aPuig Rovira, Josep María, _d1951- _ecoord. _929430 |
|
| 905 | _aLibro | ||
| 999 |
_c165925 _d165925 |
||